000 00715nam a22002177a 4500
003 UA-OsUOA
001 100533
007 ta
008 20130528b un ||||| |||| 00| 0 ukr d
100 _aЗапесоцкий Ю.А.
090 _a659
_bЗ-31
942 _cSA
040 _aUA-OsUOA
_brus
_cUA-OsUOA
_dUA-OsUOA
245 _aСовременная реклама как институт социально-культурной динамики
300 _aС.33-39
955 _a0
041 _arus
080 _a659
773 0 _w100532
650 7 _a659 Реклама. Система інформації. Громадська інформація та реклама (Паблик-Рилейшнз)
_2UDC
999 _c387176
_d387176